000 00644nam a2200253 a 4500
003 AR-BaBNM
005 20251128203338.0
008 082120s2002 ||||||||||||||000 | spa||
040 _cAR-BaBNM
100 1 _aAbbadie, Madeleine
245 0 0 _aEl niño en el universo del sonido
250 _a1ª ed.
260 _aBuenos Aires
_bKapelusz
_c1976
300 _a48 p.
_bil.
490 0 _aCuaderno pedagógico
_vv. 36
650 4 _aACUSTICA
650 4 _aRUIDO
650 4 _aPERCEPCION AUDITIVA
653 _aDISCAPACIDAD AUDITIVA
700 1 _aGillie, A.M.
700 1 _averonelli, Flavia
_etraductor
942 _cBK
998 _cCarmen
999 _c2986
_d2986